Open Borders, Unlocked Cultures (Record no. 92680)
[ view plain ]
| 000 -LEADER | |
|---|---|
| fixed length control field | 02313namaa2200433uu 4500 |
| 001 - CONTROL NUMBER | |
| control field | doab33095 |
| 003 - CONTROL NUMBER IDENTIFIER | |
| control field | oapen |
| 005 - DATE AND TIME OF LATEST TRANSACTION | |
| control field | 20260305123945.0 |
| 006 - FIXED-LENGTH DATA ELEMENTS--ADDITIONAL MATERIAL CHARACTERISTICS | |
| fixed length control field | m o d |
| 007 - PHYSICAL DESCRIPTION FIXED FIELD--GENERAL INFORMATION | |
| fixed length control field | cr|mn|---annan |
| 008 - FIXED-LENGTH DATA ELEMENTS--GENERAL INFORMATION | |
| fixed length control field | 210210s2018 xx |||||o ||| 0|eng d |
| 020 ## - INTERNATIONAL STANDARD BOOK NUMBER | |
| International Standard Book Number | 9781315295770 |
| 040 ## - CATALOGING SOURCE | |
| Original cataloging agency | oapen |
| Transcribing agency | oapen |
| 041 0# - LANGUAGE CODE | |
| Language code of text/sound track or separate title | eng |
| 042 ## - AUTHENTICATION CODE | |
| Authentication code | dc |
| 072 #7 - SUBJECT CATEGORY CODE | |
| Subject category code | JH |
| Source | bicssc |
| 245 00 - TITLE STATEMENT | |
| Title | Open Borders, Unlocked Cultures |
| Remainder of title | Romanian Roma Migrants in Western Europe |
| 260 ## - PUBLICATION, DISTRIBUTION, ETC. | |
| Name of publisher, distributor, etc. | Taylor & Francis |
| Date of publication, distribution, etc. | 2018 |
| 300 ## - PHYSICAL DESCRIPTION | |
| Extent | 1 online resource (192 p.) |
| 336 ## - CONTENT TYPE | |
| Content type term | text |
| Content type code | txt |
| Source | rdacontent |
| 337 ## - MEDIA TYPE | |
| Media type term | computer |
| Media type code | c |
| Source | rdamedia |
| 338 ## - CARRIER TYPE | |
| Carrier type term | online resource |
| Carrier type code | cr |
| Source | rdacarrier |
| 506 0# - RESTRICTIONS ON ACCESS NOTE | |
| Terms governing access | Free-to-read |
| Standardized terminology for access restriction | Unrestricted online access |
| Source of term | star |
| 520 ## - SUMMARY, ETC. | |
| Summary, etc. | The book examines some of the dilemmas surrounding Europe's open borders, migrations, and identities through the prism of the Roma - Europe's most dispersed and socially marginalised population. The volume challenges some of the myths surrounding the Roma as a 'problem population', and places the focus instead on the context of European policy and identity debates. It comes to the conclusion that the migration of Roma and the constitution of their communities is shaped by European policy as much as, and often more so, than by the cultural traits of the Roma themselves. The chapters compare case studies of Roma migrants in Spain, Italy, France, and Britain and the impact of migration on the origin communities in Romania. The study combines historical and ethnographic methods with insights from migration studies, drawing on a unique multi-site collaborative project that for the first time gave Roma participants a voice in shaping research into their communities. |
| 540 ## - TERMS GOVERNING USE AND REPRODUCTION NOTE | |
| Terms governing use and reproduction | All rights reserved |
| Uniform Resource Identifier | <a href="http://oapen.org/content/about-rights">http://oapen.org/content/about-rights</a> |
| 546 ## - LANGUAGE NOTE | |
| Language note | English |
| 650 #7 - SUBJECT ADDED ENTRY--TOPICAL TERM | |
| Topical term or geographic name entry element | Sociology and anthropology |
| Source of heading or term | bicssc |
| 653 ## - INDEX TERM--UNCONTROLLED | |
| Uncontrolled term | Migration |
| 653 ## - INDEX TERM--UNCONTROLLED | |
| Uncontrolled term | Open borders |
| 653 ## - INDEX TERM--UNCONTROLLED | |
| Uncontrolled term | Roma |
| 653 ## - INDEX TERM--UNCONTROLLED | |
| Uncontrolled term | Romanian Roma |
| 653 ## - INDEX TERM--UNCONTROLLED | |
| Uncontrolled term | Western Europe |
| 720 1# - ADDED ENTRY--UNCONTROLLED NAME | |
| Name | Matras, Yaron |
| Relationship | edt |
| 720 1# - ADDED ENTRY--UNCONTROLLED NAME | |
| Name | Leggio, Daniele Viktor |
| Relationship | edt |
| 720 1# - ADDED ENTRY--UNCONTROLLED NAME | |
| Name | Leggio, Daniele Viktor |
| Relationship | oth |
| 720 1# - ADDED ENTRY--UNCONTROLLED NAME | |
| Name | Matras, Yaron |
| Relationship | oth |
| 793 0# - | |
| -- | DOAB Library. |
| 856 40 - ELECTRONIC LOCATION AND ACCESS | |
| Uniform Resource Identifier | <a href="https://directory.doabooks.org/handle/20.500.12854/33095">https://directory.doabooks.org/handle/20.500.12854/33095</a> |
| Access status | 0 |
| Public note | Free-to-read: DOAB: description of the publication |
No items available.